Statistics for Counties of NC that are not Landlocked

Click here to take the quiz!

General Stats

  • This quiz has been taken 17 times
  • The average score is 28 of 47

Answer Stats

HintAnswer% Correct
Atlantic/SCBrunswick
80%
Georgia/TennesseeCherokee
80%
South CarolinaGaston
80%
South CarolinaMecklenburg
80%
TennesseeAvery
70%
VirginiaCaswell
70%
VirginiaCurrituck
70%
VirginiaGranville
70%
GeorgiaMacon
70%
VirginiaPerson
70%
VirginiaRockingham
70%
South CarolinaScotland
70%
VirginiaSurry
70%
South CarolinaUnion
70%
VirginiaVance
70%
TennesseeWatauga
70%
VirginiaAlleghany
60%
Tennessee/VirginiaAshe
60%
VirginiaCamden
60%
GeorgiaClay
60%
South CarolinaColumbus
60%
AtlanticDare
60%
TennesseeHaywood
60%
South CarolinaHenderson
60%
AtlanticNew Hanover
60%
AtlanticOnslow
60%
VirginiaStokes
60%
TennesseeSwain
60%
South CarolinaTransylvania
60%
VirginiaWarren
60%
South CarolinaAnson
50%
VirginiaGates
50%
AtlanticHyde
50%
South CarolinaJackson
50%
TennesseeMitchell
50%
AtlanticPender
50%
South CarolinaRichmond
50%
South CarolinaRobeson
50%
South CarolinaRutherford
50%
AtlanticCarteret
40%
South CarolinaCleveland
40%
TennesseeGraham
40%
VirginiaHertford
40%
TennesseeMadison
40%
VirginiaNorthampton
40%
TennesseeYancey
40%
South CarolinaPolk
30%

Score Distribution

Percentile by Number Answered

Percent of People with Each Score

Your Score History

You have not taken this quiz